Every City in Alaska - Statistics

General Stats
  • This quiz has been taken 5 times
  • The average score is 11 of 33
Answer Stats
Cities % Correct
Anchorage
100%
Fairbanks
100%
Juneau
80%
Ketchikan
80%
Kodiak
60%
Nome
60%
Palmer
60%
Sitka
60%
Wasilla
60%
Homer
40%
Kenai
40%
North Pole
40%
Seward
40%
Soldotna
40%
Unalaska
40%
Utqiagvik
40%
Valdez
40%
Cordova
20%
Craig
20%
Dillingham
20%
King Cove
20%
Sand Point
20%
Wrangell
20%
Gelena
0%
Hoonah
0%
Hydaburg
0%
Kake
0%
Klawock
0%
Nenana
0%
Pelican
0%
Seldovia
0%
St. Mary's
0%
Tanana
0%
No matching quizzes found
Score Distribution
Percent of People with Each Score
Percentile by Number Answered
Your Score History
You have not taken this quiz